On This Day: March 21st II Quiz Stats

 Plays Quiz Updated Mar 21, 2018

Score 0/7 Timer 03:00
0 Plays Today
Question Answer Wrong Answers
In protest of the Soviet–Afghan War, US President Jimmy Carter announces a United States boycott of the 1980 Summer Olympics in this city.
1980
Moscow
93.1%
Leningrad
2.4%
Kyiv
1.7%
Baku
0.9%
After leading the unification of Germany, this man is appointed the first Chancellor of the German Empire.
1871
Otto von Bismarck
82.5%
Wilhelm II
14.5%
Giuseppe Garibaldi
0.7%
Klemens von Metternich
2.2%
This journalist begins his trek to find the missionary and explorer David Livingstone.
1871
Henry Morton Stanley
82.4%
Cecil Rhodes
10.6%
Roger Casement
3.1%
Mungo Park
2.6%
The first proclamation of this holiday is issued by Joseph Alioto, Mayor of San Francisco.
1970
Earth Day
75.1%
Mother's Day
4.7%
Flag Day
4.1%
International Women's Day
14.6%
This Brazilian footballer, winner of two FIFA World Player of the Year awards and a Ballon d'Or, is born.
1980
Ronaldinho
39.9%
Cristiano Ronaldo
38.8%
Lionel Messi
17.2%
David Villa
2.3%
This man, the Vice President of the Confederate States of America, delivers his ‘Cornerstone Speech,’ which applauded white supremacy and defended the enslavement of African-Americans.
1861
Alexander Stephens
33.8%
William Lloyd Garrison
14.9%
Jefferson Davis
31.8%
Henry Clay
19.4%
Namibia becomes independent after 75 years of ______ rule.
1990
South African
30.5%
Angolan
3.6%
British
59.1%
Zambian
4.7%

You're not logged in!

Compare scores with friends on all Sporcle quizzes.
OR
Log In

Sporcle TV

Today on Sporcle TV


Watch our educational content, quiz creation guides, and fun videos on Sporcle TV.

Show Comments

Extras

Top Quizzes Today


Score Distribution

Your Account Isn't Verified!

In order to create a playlist on Sporcle, you need to verify the email address you used during registration. Go to your Sporcle Settings to finish the process.

Report this User

Report this user for behavior that violates our Community Guidelines.

Details: